000 01029cam a2200337 a 4500
001 4169
003 FISKH
005 20240625082623.0
008 991022s2001 nyua b 000 1 eng
010 _a 99055555
020 _a0399234691
020 _a9780698119086
040 _aDLC
_cDLC
_dDLC
_beng
042 _alcac
050 0 0 _aPZ7.D2394
082 _a813.54
100 1 _aDanziger, Paula,
_d1944-2004.
245 1 0 _aWhat a trip, Amber Brown /
_cPaula Danziger ; illustrated by Tony Ross.
260 _aNew York :
_bPenguin Group,
_c2001.
300 _a48 pages :
_bcolor illustrations ;
_c23 cm
490 1 _aA is for Amber
505 _aK
520 _aAmber Brown and her parents go to the Poconos for two weeks with Amber's best friend, Justin, and his family.
521 8 _a510
_bLexile
521 8 _aK
_bRaz-Plus
650 1 _aVacations
_vFiction.
700 1 _aRoss, Tony,
_eillustrator
906 _a7
_bcbc
_corignew
_d1
_eocip
_f19
_gy-gencatlg
942 _2ddc
_cBK
_n0
999 _c4169
_d4169